000 02878nam a2200361 a 4500
008 120416s2002 ||||||||||||||||| || u
020 _a1853838888
050 _aSD 411 Sel
100 _aLandell-Mills, Natasha
245 1 0 _aSelling forest environmental services: market-based mechanisms for conservation and development
_cedited by Stefano Pagiola; Joshua Bishop; Natasha Landell-Mills
260 _aLondon:
_bEarthscan
_c2002
300 _axix, 299p. : ill.
350 _a0.00
650 _aFOREST MANAGEMENT--STANDARDS
650 0 _aFOREST CONSERVATION
650 _aFORESTS AND FORESTRY--ENVIRONMENTAL ASPECTS
700 _aPagiola, Stefano
700 _aBishop, Joshua
856 _uhttp://www.loc.gov/catdir/toc/fy034/2002009275.html
995 _aMAIN LIBRARY OPEN ACCESS
_D0.00
_e739970
_FCBU-MAIN LIBRARY (Kitwe)
_H1
_I0.00
_jSD 411 SEL
_M14
_UAVAILABLE
_WMar 16, 2010
_y739970
_ZMain Library Open Access Collection
995 _aANNEX COLLECTION (Main Library)
_D0.00
_e735189
_FCBU-MAIN LIBRARY (Kitwe)
_H8
_I18.00
_jSD 411 Sel
_M8
_UAVAILABLE
_y38524
_ZAnnex Low-Usage Collection
995 _aANNEX COLLECTION (Main Library)
_D0.00
_e735190
_FCBU-MAIN LIBRARY (Kitwe)
_H6
_I18.00
_jSD 411 Sel
_M6
_UAVAILABLE
_y38526
_ZAnnex Low-Usage Collection
995 _aANNEX COLLECTION (Main Library)
_D0.00
_e735191
_FCBU-MAIN LIBRARY (Kitwe)
_H9
_I18.00
_jSD 411 Sel
_M9
_UAVAILABLE
_y38527
_ZAnnex Low-Usage Collection
995 _aANNEX COLLECTION (Main Library)
_D0.00
_e740658
_FCBU-MAIN LIBRARY (Kitwe)
_H1
_I0.00
_jSD 411 SEL
_M12
_UAVAILABLE
_WMar 15, 2010
_y740658
_ZAnnex Low-Usage Collection
995 _aANNEX COLLECTION (Main Library)
_D0.00
_e734520
_FCBU-MAIN LIBRARY (Kitwe)
_H5
_I18.00
_jSD 411 Sel
_M5
_UAVAILABLE
_y48052
_ZAnnex Low-Usage Collection
995 _aANNEX COLLECTION (Main Library)
_D0.00
_e739969
_FCBU-MAIN LIBRARY (Kitwe)
_H1
_I0.00
_jSD 411 SEL
_M13
_UAVAILABLE
_WMar 16, 2010
_y739969
_ZAnnex Low-Usage Collection
995 _aANNEX COLLECTION (Main Library)
_D0.00
_e735193
_FCBU-MAIN LIBRARY (Kitwe)
_H4
_I18.00
_jSD 411 Sel
_M4
_UAVAILABLE
_y38523
_ZAnnex Low-Usage Collection
995 _aANNEX COLLECTION (Main Library)
_D0.00
_e734519
_FCBU-MAIN LIBRARY (Kitwe)
_H2
_I18.00
_jSD 411 Sel
_M2
_UAVAILABLE
_y48051
_ZAnnex Low-Usage Collection
995 _aANNEX COLLECTION (Main Library)
_D0.00
_e735188
_FCBU-MAIN LIBRARY (Kitwe)
_H11
_I18.00
_jSD 411 Sel
_M11
_UAVAILABLE
_y38525
_ZAnnex Low-Usage Collection
995 _aMAIN LIBRARY OPEN ACCESS
_D0.00
_e734516
_FCBU-MAIN LIBRARY (Kitwe)
_H10
_I18.00
_jSD 411 Sel
_M10
_UAVAILABLE
_y48113
_ZMain Library Open Access Collection
995 _aANNEX COLLECTION (Main Library)
_D0.00
_e734517
_FCBU-MAIN LIBRARY (Kitwe)
_H3
_I18.00
_jSD 411 Sel
_M3
_UAVAILABLE
_y48115
_ZAnnex Low-Usage Collection
995 _aANNEX COLLECTION (Main Library)
_D0.00
_e735192
_FCBU-MAIN LIBRARY (Kitwe)
_H1
_I18.00
_jSD 411 Sel
_M1
_UAVAILABLE
_y38522
_ZAnnex Low-Usage Collection
999 _c80401
_d80401